Prácticas de evaluación educativa: materiales e instrumentos
Uloženo v:
| Hlavní autoři: | , |
|---|---|
| Médium: | Kniha |
| Jazyk: | španělština |
| Vydáno: |
Madrid
Pearson Educación
2003
|
| Témata: | |
| Tagy: |
Přidat tag
Žádné tagy, Buďte první, kdo vytvoří štítek k tomuto záznamu!
|
MARC
| LEADER | 00000cam a2200000 a 4500 | ||
|---|---|---|---|
| 001 | UCI3582 | ||
| 003 | CL-VaPUC | ||
| 008 | 071116e20030000SP |||||||||||||||||spa|d | ||
| 020 | |a 8420538337 | ||
| 082 | 0 | 4 | |a 371.26 |b CAS |2 21 |
| 100 | 0 | |a Castillo Arredondo, Santiago |e author |9 524970 | |
| 700 | 0 | |a Cabrerizo Diago, Jesús |e author |9 524971 | |
| 245 | 1 | 0 | |a Prácticas de evaluación educativa: materiales e instrumentos |
| 300 | |a 345 p | ||
| 942 | |c BK | ||
| 945 | |d 20071116 00:00:00 |a jtorresc | ||
| 260 | |a Madrid |b Pearson Educación |c 2003 | ||
| 650 | 0 | |a Evaluación de la educación |9 237505 | |
| 650 | 0 | |a Métodos de evaluación |9 311717 | |
| 650 | 0 | |a Métodos de enseñanza |9 270413 | |
| 650 | 0 | |a Desarrollo cognitivo |9 311398 | |
| 650 | 0 | |a Educación básica |9 224933 | |
| 650 | 0 | |a Matemática |9 260235 | |
| 583 | |a last modification |c 20180122 12:49:56 |k Rodrigo Vera | ||
| 999 | |c 327726 |d 327724 | ||
| 952 | |0 0 |1 0 |4 0 |6 371_260000000000000_CAS_2003 |7 0 |8 A |9 411087 |a BIBMAT |b BIBMAT |c E_DIDACT |d 2019-11-22 |i 4389735 |o 371.26 CAS 2003 |p 4389735 |r 2025-01-07 |w 2019-11-22 |y BK |k MAT | ||
| 952 | |0 0 |1 0 |4 0 |6 371_260000000000000_CAS_2003 |7 0 |8 A |9 411088 |a BIBMAT |b BIBMAT |c E_DIDACT |d 2019-11-22 |i 4389743 |o 371.26 CAS 2003 |p 4389743 |r 2025-01-07 |w 2019-11-22 |y BK |k MAT | ||
| 952 | |0 0 |1 0 |4 0 |6 371_260000000000000_CAS_2003 |7 0 |8 A |9 411089 |a BIBMAT |b BIBMAT |c E_DIDACT |d 2019-11-22 |i 4392663 |o 371.26 CAS 2003 |p 4392663 |r 2025-01-07 |w 2019-11-22 |y BK |k MAT | ||
| 952 | |0 0 |1 0 |3 erb |4 0 |6 371_260000000000000_CAS_2003 |7 0 |8 A |9 411090 |a BIBING |b BIBING |i 5452058 |o 371.26 CAS 2003 |p 5452058 |r 2025-01-20 |w 2019-11-22 |y BK |z Catalogado en:20180302 |k CCI | ||
| 952 | |0 0 |1 0 |3 erb |4 0 |6 371_260000000000000_CAS_2003 |7 0 |8 A |9 411091 |a BIBING |b BIBING |i 545204K |o 371.26 CAS 2003 |p 545204K |r 2025-01-20 |w 2019-11-22 |y BK |z Catalogado en:20180302 |k CCI | ||